000 00421nam a2200145Ia 4500
008 231129s1984||||xx |||||||||||||| ||spa||
020 _a84-345-7826-3
040 _bspa
082 _a930.1 B458a
100 _aBendala Galán Manuel
245 0 _aLa arqueologí­a: El pasado a nuestro alcance
260 _c1984
264 _aMadrid España : Salvat Editores
942 _2ddc
_cBKS
999 _c16429
_d16429